[Event "25th Abu Dhabi Master 2018"]
[Site "Abu Dhabi"]
[Date "2018.08.07"]
[Round "1"]
[White "Varshini, Veileven"]
[Black "Saduakassova, Dinara"]
[Result "0-1"]
[WhiteElo "2205"]
[BlackElo "2495"]
[Annotator "RC"]
[PlyCount "92"]
[EventDate "2018.08.05"]
[EventType "swiss"]
[EventCountry "UAE"]
[SourceTitle "playchess.com"]
[Source "ChessBase"]
[SourceQuality "1"]
[TimeControl "5400+30"]

1. e4 {[%emt 0:00:00]} c5 {[%emt 0:00:00]} 2. Nf3 {[%emt 0:00:00]} e6 {[%emt 0:00:00]} 3. Nc3 {[%emt 0:01:25]} Nc6 {[%emt 0:00:00]} 4. d4 {[%emt 0:00:24]} cxd4 {[%emt 0:00:00]} 5. Nxd4 {[%emt 0:00:06]} Qc7 {[%emt 0:00:00]} 6. Be3 {[%emt 0:02:27]} a6 {[%emt 0:00:05]} 7. Be2 {[%emt 0:01:31]} Nf6 {[%emt 0:00:14]} 8. a3 {[%emt 0:01:31]} Be7 {[%emt 0:00:52]} 9. O-O {[%emt 0:00:24]} O-O {[%emt 0:00:46]} 10. f4 {[%emt 0:03:31]} d6 {[%emt 0:00:08]} 11. Bf3 {[%emt 0:00:40]} Na5 {[%emt 0:07:36]} 12. Kh1 {[%emt 0:11:24]} Nc4 {[%emt 0:05:32]} 13. Bc1 {[%emt 0:00:11]} Bd7 {[%emt 0:05:12]} 14. Nde2 {[%emt 0:13:30]} Rac8 {[%emt 0:11:10]} 15. b3 {[%emt 0:02:05]} Na5 {[%emt 0:00:47]} 16. e5 {[%emt 0:20:18]} Ne8 {[%emt 0:02:00]} 17. Bb2 {[%emt 0:05:05]} dxe5 {[%emt 0:06:26]} 18. fxe5 {[%emt 0:00:17]} Nc6 {[%emt 0:04:47]} 19. Nf4 {[%emt 0:08:35]} Bg5 {[%emt 0:02:51]} 20. Nd3 {[%emt 0:03:29]} f5 {[%emt 0:03:52]} 21. Nd5 {[%emt 0:04:33]} exd5 {[%emt 0:08:08]} 22. Bxd5+ {[%emt 0:00:06]} Kh8 {[%emt 0:00:08]} 23. e6 {[%emt 0:00:40]} Rd8 {[%emt 0:04:58]} 24. exd7 {[%emt 0:00:32]} Qxd7 {[%emt 0:00:10]} 25. c4 {[%emt 0:03:10]} Nc7 {[%emt 0:04:13]} 26. Qh5 {[%emt 0:04:56]} Bf6 {[%emt 0:13:59]} 27. Nc5 {[%emt 0:05:54]} Qc8 {[%emt 0:01:28]} 28. Bxf6 {[%emt 0:01:20]} Rxf6 {[%emt 0:00:04]} 29. Rae1 {[%emt 0:01:24]} Nxd5 {[%emt 0:04:20]} 30. cxd5 {[%emt 0:00:06]} Nd4 {[%emt 0:01:18]} 31. b4 {[%emt 0:02:01]} b6 {[%emt 0:04:27]} 32. Nd3 {[%emt 0:00:41]} Rh6 {[%emt 0:03:41]} 33. Qf7 {[%emt 0:01:06]} Rf6 {[%emt 0:00:14]} 34. Qh5 {[%emt 0:01:23]} Qd7 {[%emt 0:01:52]} 35. Nf4 {[%emt 0:01:03]} Kg8 {[%emt 0:04:05]} 36. Qd1 {[%emt 0:01:25]} Nb5 {[%emt 0:00:06]} 37. Re6 {[%emt 0:00:40]} Nc3 {[%emt 0:01:27]} 38. Qd4 {[%emt 0:00:17]} Rxe6 {[%emt 0:00:19]} 39. Nxe6 {[%emt 0:00:07]} Qxe6 {[%emt 0:00:24]} 40. Qxc3 {[%emt 0:00:31]} Qxd5 {[%emt 0:00:04]} 41. h3 {[%emt 0:00:39]} Qd3 {[%emt 0:01:27]} 42. Qc1 {[%emt 0:00:30]} h6 {[%emt 0:00:11]} 43. Re1 {[%emt 0:00:36]} Kh7 {[%emt 0:00:22]} 44. Qc7 {[%emt 0:00:40]} Rd6 {[%emt 0:00:33]} 45. Re8 {[%emt 0:00:44]} Qf1+ {[%emt 0:00:06]} 46. Kh2 {[%emt 0:00:20]} Qf4+ {[%emt 0:00:05]} 0-1

[Event "25th Abu Dhabi Master 2018"]
[Site "Abu Dhabi"]
[Date "2018.08.07"]
[Round "1"]
[White "Bhambure, Shantanu"]
[Black "Swapnil, S Dhopade"]
[Result "0-1"]
[WhiteElo "2194"]
[BlackElo "2487"]
[Annotator "TA"]
[PlyCount "82"]
[EventDate "2018.08.05"]
[EventType "swiss"]
[EventCountry "UAE"]
[SourceTitle "playchess.com"]
[Source "ChessBase"]
[SourceQuality "1"]

{[%evp 18,82,27,-14,52,41,41,-59,-104,-93,14,-160,-33,-22,34,-119,-27,-42,0,0,25,-62,-67,-129,-120,-120,-112,-154,-159,-193,-238,-204,-217,-921,-704,-658,-572,-616,-615,-1301,-913,-904,-904,-858,-860,-842,-832,-718,-570,-546,-599,-595,-588,-557,-514,-497,-495,-538,-530,-5273,-5281,-29993,-29994,-29994,-29995,-29995,-29996]} 1. d4 {CB} Nf6 2. c4 e6 3. Nf3 c5 4. d5 exd5 5. cxd5 d6 6. Nc3 g6 7. Bf4 Bg7 8. h3 {A61: Modern Benoni: Nf3 without early e4} O-O 9. e3 Na6 (9... Qe7 10. Nd2 Nh5 11. Bh2 f5 12. Be2 f4 13. O-O fxe3 14. Nde4 exf2+ 15. Kh1 Bxc3 16. Nxc3 {0-1 (49) Xiong,J (2665)-Caruana,F (2804) Saint Louis 2018}) 10. Nd2 {LiveBook: 9 Games. White has an edge.} Nb4 $146 (10... Nc7 $11 11. Nc4 b5 12. Nxd6 b4) ({Predecessor:} 10... Nc7 11. Nc4 b5 12. Bxd6 bxc4 13. Bxf8 Kxf8 14. Bxc4 Rb8 15. O-O Rxb2 {1-0 (38) Koneru,H (2598)-Danielian,E (2490) Sharjah 2014 CBM 162 [CB]}) 11. Nc4 $14 {Threatens to win with a3.} Bf5 12. g4 (12. Rc1 $14 Ne8 13. a3) 12... Bc2 $15 13. Qf3 Bd3 (13... Nd7 $17 {Hoping for ...f5.} 14. a3 (14. Bxd6 Re8 $17) (14. Nxd6 Ne5 $15) 14... Bxc3+ 15. bxc3 Nf6 16. Nxd6 (16. axb4 Be4 $11) 16... Nbxd5) 14. O-O-O $2 {[#]} (14. Rd1 $1 $11 Bxc4 15. Bxc4) 14... Bxc4 ({Black should play} 14... Nxa2+ $1 $17 {[%mdl 512]} 15. Nxa2 Be4) 15. Bxc4 Re8 (15... Nd7 $11) 16. Bb5 $2 {[#]} (16. Kb1 $14 {stays ahead.}) 16... Nd7 (16... Qa5 $1 $17 {Strongly threatening ...Ne4!} 17. Bxe8 (17. Bxd6 $2 Nxa2+ 18. Nxa2 Qxa2 $19) 17... Nxe8) 17. Kb1 ({Don't go for} 17. Bxd6 $2 Bxc3 18. bxc3 Nxa2+ 19. Kc2 Qa5 $19) 17... Ne5 18. Qe2 Rf8 19. a3 (19. Qf1 $11) 19... a6 {[%cal Ba7a6,Ba6a5,Ba5b4][%mdl 32]} 20. Bxe5 (20. Ba4 $15 b5 21. Bxe5 (21. axb4 cxb4 22. Bxe5 Bxe5 $15) 21... Bxe5 22. Bb3) 20... Bxe5 $17 21. Bc4 b5 22. Bb3 {[#]} c4 $1 23. axb4 cxb3 24. Qd3 a5 25. Qxb5 $2 (25. Ne2) 25... Bxc3 26. bxc3 Qf6 27. Qd3 axb4 28. Qd4 Qxf2 {[%csl Gb3][%cal Rf2c2]} 29. Rd2 Qf3 30. Rc1 bxc3 31. Rxc3 Qf1+ 32. Rc1 Qxh3 33. Qf4 {[#] And now Rh2 would win.} Ra2 $1 34. Rxa2 bxa2+ $19 {[%mdl 4096] Endgame KQR-KQR} 35. Ka1 Re8 36. Rf1 Re7 37. Re1 Qg2 {( -> ...Rb7)} 38. Qxd6 Rb7 {[%csl Gb7][%cal Rg2b2]} 39. Qe5 Qc2 {Black mates.} 40. Qe8+ Kg7 {[%csl Gb7][%cal Rc2b2]} 41. Qe5+ f6 {Precision: White = 23%, Black = 47%.} 0-1

[Event "25th Abu Dhabi Master 2018"]
[Site "Abu Dhabi"]
[Date "2018.08.07"]
[Round "1"]
[White "Divya, Deshmukh"]
[Black "Iniyan, Panneerseluam"]
[Result "0-1"]
[WhiteElo "2172"]
[BlackElo "2464"]
[Annotator "TA"]
[PlyCount "124"]
[EventDate "2018.08.05"]
[EventType "swiss"]
[EventCountry "UAE"]
[SourceTitle "playchess.com"]
[Source "ChessBase"]
[SourceQuality "1"]

{[%evp 19,124,2,0,14,8,-14,0,-46,-24,-42,0,-192,-179,-180,-146,-166,-136,-146,-102,-149,-40,-173,-178,-225,-228,-218,-195,-239,-204,-254,-248,-296,-279,-277,-269,-315,-300,-308,-309,-316,-226,-230,-233,-319,-326,-324,-309,-294,-304,-306,-306,-304,-314,-337,-346,-328,0,-308,0,-332,-341,-389,-283,-275,-263,-261,-261,-257,-248,-254,-265,-306,-323,-282,-208,-337,-275,-285,-272,-471,-472,-449,-271,-283,-277,-223,-206,-208,-202,-194,-176,-239,-232,-308,-326,-326,-326,-700,-652,-910,-511,-649,-658,-610,-468,-29984,-29985]} 1. e4 c5 2. Nf3 d6 3. d4 cxd4 4. Nxd4 a6 5. Nc3 e6 6. Be3 Nf6 7. f3 b5 8. a3 Bb7 9. Qd2 {B80: Sicilian Scheveningen: 6 g3 and 6 Be3, including English Attack} Nbd7 {[%cal Bb8d7,Bd7b6,Bb6a4][%mdl 32]} 10. O-O-O (10. g4 h6 11. O-O-O Rc8 12. h4 Nb6 13. Kb1 Nfd7 14. Qe1 Ne5 15. Rh3 Qc7 16. Bc1 Be7 17. g5 Nec4 18. Na2 d5 19. gxh6 gxh6 20. exd5 Nxd5 21. Bxc4 Qxc4 22. f4 Bf6 23. Qf2 {½-½ (23) Leko,P (2703)-Steinberg,N (2532) Minsk 2017}) 10... Rc8 {LiveBook: 9 Games} 11. Kb1 {The position is equal.} Nb6 12. Qf2 Rxc3 $146 ({Predecessor:} 12... Nfd7 13. Nb3 d5 14. exd5 Nxd5 15. Nxd5 Bxd5 16. Bd4 f6 17. Bd3 e5 {½-½ (31) Klabis,R-Andersen,M Herceg Novi 2006}) 13. bxc3 {aiming for Nxe6.} Na4 14. Qe1 $1 Qc7 15. Rd3 $2 (15. c4 $1 $11 {and White has nothing to worry.}) 15... d5 $19 16. e5 Qxe5 17. Qg3 Qxg3 18. hxg3 Nd7 19. Bf2 Bxa3 (19... e5 $17 20. Re3 Bxa3) 20. g4 ({Only move:} 20. c4 $1 $15 b4 21. cxd5 Bxd5 22. Ne2) 20... Bd6 21. g3 O-O 22. Be1 Rc8 23. Re3 g6 24. Rh3 Bc7 25. Rd3 Ba5 26. Nb3 Bb6 ({Don't take} 26... Bxc3 27. Bxc3 Nxc3+ 28. Kc1 $19) ({Don't do} 26... Nxc3+ 27. Ka1 $19) 27. f4 Nf6 28. g5 Ne4 29. g4 Bf2 30. Bd2 Ba7 {[%cal Bf2a7,Ba7b8,Bb8e5][%mdl 32]} 31. Be1 Bb8 32. Rhf3 e5 33. fxe5 Bxe5 34. Nd4 Nxg5 35. Rfe3 Ne4 36. Ne2 Nb6 37. Rd1 Na4 38. Rdd3 $1 Nb6 39. Rd1 $1 Nc4 40. Rh3 Na3+ 41. Kb2 b4 42. Bg2 Nb5 {[%cal Rb4c3]} 43. Bxe4 dxe4 44. Kb3 {[#]} bxc3 $1 45. Bxc3 Nxc3 46. Nxc3 Rc5 47. Rd8+ Kg7 48. Re3 Bf6 49. Rd7 $2 (49. Rb8 Bd4 50. Rxb7 Bxe3 51. Nxe4 Rb5+ 52. Rxb5 axb5 53. Kc3) 49... Bc8 50. Rd6 {Rxf6! is the strong threat.} Be6+ 51. Rxe6 fxe6 52. Nxe4 {[%mdl 4096] Endgame KRB-KRN} Re5 53. c4 Be7 54. Kc3 {[#]} Ra5 $1 55. Kc2 (55. Re2 $142) 55... Ra4 56. Rc3 h5 57. gxh5 gxh5 {[%cal Bg6h5,Bh5h4][%mdl 32]} 58. Ng3 $2 (58. Kd3 Bf6 59. Nxf6 Kxf6 60. Kd4) 58... h4 59. Ne2 Bf6 60. Re3 Rxc4+ 61. Kd3 Rc6 62. Nf4 (62. Ke4 $19) 62... Rc3+ {Precision: White = 39%, Black = 56%.} 0-1

[Event "25th Abu Dhabi Master 2018"]
[Site "Abu Dhabi"]
[Date "2018.08.07"]
[Round "1"]
[White "Mendonca, Leon Luke"]
[Black "Harsha, Bharathakoti"]
[Result "0-1"]
[WhiteElo "2168"]
[BlackElo "2454"]
[Annotator "ChessBase"]
[PlyCount "118"]
[EventDate "2018.08.05"]
[EventType "swiss"]
[EventCountry "UAE"]
[SourceTitle "playchess.com"]
[Source "ChessBase"]
[SourceQuality "1"]
[TimeControl "5400+30"]

1. d4 {[%emt 0:00:00]} e6 {[%emt 0:00:00]} 2. c4 {[%emt 0:00:00]} d5 {[%emt 0:00:00]} 3. Nf3 {[%emt 0:00:08]} Nf6 {[%emt 0:00:20]} 4. g3 {[%emt 0:00:11]} dxc4 {[%emt 0:02:15]} 5. Bg2 {[%emt 0:00:20]} a6 {[%emt 0:01:40]} 6. O-O {[%emt 0:04:21]} Nc6 {[%emt 0:00:35]} 7. Bg5 {[%emt 0:08:30]} Rb8 {[%emt 0:22:30]} 8. e3 {[%emt 0:07:20]} Bd7 {[%emt 0:08:37]} 9. Nfd2 {[%emt 0:11:48]} Na5 {[%emt 0:08:35]} 10. Qc2 {[%emt 0:14:12]} Be7 {[%emt 0:07:36]} 11. Rd1 {[%emt 0:05:05]} Bc6 {[%emt 0:04:34]} 12. Bxc6+ {[%emt 0:02:31]} Nxc6 {[%emt 0:00:18]} 13. Nxc4 {[%emt 0:01:07]} O-O {[%emt 0:03:11]} 14. Nc3 {[%emt 0:02:41]} Nd5 {[%emt 0:02:01]} 15. Bxe7 {[%emt 0:01:25]} Qxe7 {[%emt 0:00:45]} 16. Rac1 {[%emt 0:04:49]} Rfd8 {[%emt 0:01:20]} 17. a3 {[%emt 0:03:35]} h5 {[%emt 0:07:36]} 18. h4 {[%emt 0:03:53]} Nf6 {[%emt 0:02:25]} 19. Ne4 {[%emt 0:02:22]} Nxe4 {[%emt 0:00:48]} 20. Qxe4 {[%emt 0:00:15]} Rd5 {[%emt 0:01:20]} 21. Rc2 {[%emt 0:06:46]} Rbd8 {[%emt 0:02:43]} 22. Rdc1 {[%emt 0:02:13]} Nb8 {[%emt 0:10:04]} 23. Ne5 {[%emt 0:01:42]} c6 {[%emt 0:00:06]} 24. Kg2 {[%emt 0:02:10]} Nd7 {[%emt 0:02:40]} 25. Nxd7 {[%emt 0:00:36]} R8xd7 {[%emt 0:00:08]} 26. Rc5 {[%emt 0:04:38]} g6 {[%emt 0:02:09]} 27. b4 {[%emt 0:01:40]} Qd8 {[%emt 0:01:38]} 28. R1c2 {[%emt 0:01:29]} Kg7 {[%emt 0:00:43]} 29. Rc1 {[%emt 0:01:10]} Re7 {[%emt 0:01:15]} 30. Qf3 {[%emt 0:02:13]} Red7 {[%emt 0:02:29]} 31. Qe4 {[%emt 0:00:06]} Qf6 {[%emt 0:00:54]} 32. R1c2 {[%emt 0:00:57]} Qe7 {[%emt 0:01:17]} 33. Rc1 {[%emt 0:01:08]} Qd6 {[%emt 0:00:05]} 34. R1c2 {[%emt 0:01:22]} Rd8 {[%emt 0:00:17]} 35. Rc1 {[%emt 0:00:33]} Qd7 {[%emt 0:02:02]} 36. R1c2 {[%emt 0:00:27]} Qd6 {[%emt 0:01:28]} 37. Rc1 {[%emt 0:00:28]} Qd7 {[%emt 0:00:03]} 38. R1c2 {[%emt 0:00:04]} Ra8 {[%emt 0:00:04]} 39. Rxd5 {[%emt 0:04:04]} exd5 {[%emt 0:00:06]} 40. Qd3 {[%emt 0:00:24]} a5 {[%emt 0:00:48]} 41. Rc5 {[%emt 0:00:34]} axb4 {[%emt 0:00:45]} 42. axb4 {[%emt 0:00:02]} Ra2 {[%emt 0:01:43]} 43. b5 {[%emt 0:01:07]} Qe6 {[%emt 0:00:45]} 44. bxc6 {[%emt 0:00:29]} bxc6 {[%emt 0:00:10]} 45. Rc2 {[%emt 0:00:18]} Ra1 {[%emt 0:00:03]} 46. Qc3 {[%emt 0:00:33]} Qe4+ {[%emt 0:01:12]} 47. f3 {[%emt 0:00:21]} Qf5 {[%emt 0:00:01]} 48. Rb2 {[%emt 0:00:59]} g5 {[%emt 0:01:20]} 49. hxg5 {[%emt 0:00:45]} Qxg5 {[%emt 0:00:04]} 50. Re2 {[%emt 0:00:28]} Ra6 {[%emt 0:00:55]} 51. Kh2 {[%emt 0:00:30]} Qf6 {[%emt 0:00:21]} 52. Kg2 {[%emt 0:00:34]} Ra4 {[%emt 0:00:15]} 53. Qd3 {[%emt 0:00:35]} h4 {[%emt 0:00:48]} 54. gxh4 {[%emt 0:00:19]} Ra1 {[%emt 0:00:38]} 55. Qc3 {[%emt 0:00:40]} Qg6+ {[%emt 0:00:20]} 56. Kh2 {[%emt 0:00:15]} Rg1 {[%emt 0:00:30]} 57. Qe1 {[%emt 0:00:25]} Rxe1 {[%emt 0:00:08]} 58. Rxe1 {[%emt 0:00:01]} Qc2+ {[%emt 0:00:31]} 59. Kg3 {[%emt 0:00:04]} Qd2 {[%emt 0:00:04]} 0-1

[Event "25th Abu Dhabi Master 2018"]
[Site "Abu Dhabi"]
[Date "2018.08.07"]
[Round "1"]
[White "Srinivasa Rao, M.."]
[Black "Laxman, R R"]
[Result "0-1"]
[WhiteElo "2160"]
[BlackElo "2449"]
[Annotator "TA"]
[PlyCount "159"]
[EventDate "2018.08.05"]
[EventType "swiss"]
[EventCountry "UAE"]
[SourceTitle "playchess.com"]
[Source "ChessBase"]
[SourceQuality "1"]

{[%evp 15,159,45,37,39,33,21,33,-37,30,0,2,0,0,7,25,20,17,17,18,10,14,20,20,0,20,20,23,15,41,39,26,6,22,0,0,0,0,0,0,0,0,0,0,0,8,4,18,0,30,25,30,0,44,0,0,7,0,0,0,0,17,0,27,13,69,27,49,0,0,0,0,0,66,51,139,143,138,40,63,55,50,45,58,28,12,0,95,97,98,101,152,24,33,33,30,-17,-8,-282,-285,-280,-273,-319,-213,-238,-227,-205,-152,-562,-556,-553,-543,-541,-441,-721,-712,-1016,-1610,-744,-1321,-1716,-1549,-1895,-1875,-2716,-2327,-29971,-29970,-29969,-29970,-29978,-29979,-29978,-29972,-29979,-29980,-29980,-29981,-29981,-29982,-29983,-29984,-29985,-29984,-29983,-29984,-29989]} 1. c4 e5 2. g3 Nc6 3. Bg2 d6 4. Nc3 Be6 5. d3 Qd7 6. Nf3 Bh3 {A25: English Opening vs King's Indian with ...Nc6 but without early d3} 7. Bxh3 Qxh3 8. Nd5 Qd7 {LiveBook: 3 Games. White is slightly better.} 9. d4 $146 ({Predecessor:} 9. Qa4 g6 10. h4 h5 11. Ng5 Bg7 12. Ne4 f5 13. Ng5 O-O-O 14. Be3 {1-0 (44) Bozic,M (2390)-Djordjevic,V (2416) Kragujevac 2016}) 9... Nge7 10. e4 f5 11. Be3 (11. dxe5 $14 dxe5 12. Ng5 Nxd5 13. exd5 Bb4+ 14. Kf1 (14. Bd2 Bxd2+ 15. Qxd2 Nd4 $11)) 11... O-O-O (11... fxe4 $15 12. Ng5 O-O-O) 12. Nxe7+ $11 Nxe7 13. dxe5 fxe4 14. Ng5 {[#] Hoping for e6.} dxe5 15. Nf7 {Black must now prevent Qxd7+.} (15. Nxe4 Qh3 $15) 15... Qxd1+ 16. Rxd1 Rxd1+ 17. Kxd1 Rg8 18. Ng5 ({Much worse is} 18. Bxa7 b6 $17) 18... Nf5 19. Nxe4 Be7 20. Ke2 ({Worse is} 20. Bxa7 Rd8+ 21. Kc1 b6 $17) 20... Rd8 21. Rd1 (21. Bxa7 b6 $17) 21... Nd4+ 22. Bxd4 exd4 $14 {[%mdl 4096] Endgame KRB-KRN} 23. Kd3 c5 24. Re1 Kd7 25. Re2 Rc8 26. f4 Rc6 27. Nf2 Ra6 28. b3 Ra3 29. Ke4 Ra6 30. Nd3 Re6+ 31. Kf3 Ra6 32. Ne5+ Kc7 33. Nd3 Kd8 34. Ne5 Rf6 35. Ng4 Rb6 36. Ne5 Rf6 37. Ng4 Rb6 38. Ne5 a5 39. Nd3 Bd6 (39... Rh6 $11) 40. Ke4 Bf8 41. Kd5 Rd6+ 42. Ke4 Re6+ 43. Kf3 Rf6 ({Better is} 43... Rxe2 $11 44. Kxe2 Kd7) 44. Re5 $1 Bd6 (44... b6 $14) 45. Rg5 $16 b6 46. Nf2 (46. Rxg7 $16 {aiming for Ke4.} Re6 47. Kf2) 46... Bf8 47. Re5 Rf7 48. Rd5+ Kc8 49. Ke4 g6 50. Nd3 a4 (50... Kc7 $11 {keeps the balance.}) 51. bxa4 Ra7 52. Re5 {[#] Threatens to win with Re8+.} Bd6 (52... Kd8 $142) 53. Re8+ (53. Re6 $16 Bc7 54. Re8+ Kb7 55. Nb2) 53... Kd7 $11 54. Rh8 Kc6 $1 55. g4 Rxa4 56. Ne5+ $2 {[%mdl 8192]} (56. Rc8+ $1 $11 {and White has nothing to worry.} Kd7 57. Rg8) 56... Bxe5 $1 $19 57. fxe5 Rxc4 {KR-KR} ({Weaker is} 57... Rxa2 58. Rxh7 Re2+ 59. Kf4 $17) 58. e6 Kd6 59. e7 Kxe7 60. Rxh7+ Ke6 61. g5 $2 (61. Rc7 $17 {is tougher.}) 61... Rc2 62. Rg7 Re2+ 63. Kf3 Rxa2 64. Rxg6+ (64. Ke4 $142 Re2+ 65. Kf3 Rxh2 66. Rxg6+ Kf5 67. Rxb6 Kxg5 68. Ke4) 64... Kf5 65. Rxb6 Ra3+ 66. Ke2 Kxg5 67. Rc6 Rc3 68. Kd2 Kf5 69. Rc8 Ke4 70. h4 Kd5 {Black mates.} 71. Rg8 Rh3 72. Rg2 Rxh4 73. Kc2 Re4 74. Kd2 c4 {[%cal Bc5c4,Bc4c3][%mdl 32]} 75. Rg5+ Re5 76. Rg8 c3+ 77. Kd1 Kc4 78. Rg1 Ra5 79. Rg4 Kb3 80. Ke1 {Precision: White = 30%, Black = 60%.} 0-1

[Event "25th Abu Dhabi Master 2018"]
[Site "Abu Dhabi"]
[Date "2018.08.07"]
[Round "1"]
[White "Thompson, Ian D"]
[Black "Gukesh D"]
[Result "0-1"]
[WhiteElo "2156"]
[BlackElo "2440"]
[Annotator "TA"]
[PlyCount "62"]
[EventDate "2018.08.05"]
[EventType "swiss"]
[EventCountry "UAE"]
[SourceTitle "playchess.com"]
[Source "ChessBase"]
[SourceQuality "1"]

{[%evp 14,62,21,0,-12,-8,-6,-17,-16,-39,-36,-41,-29,-33,-23,-73,-75,-97,-79,-86,-84,-88,-64,-65,-70,-57,-59,-120,-87,-147,-136,-208,-224,-226,-168,-166,0,0,0,-251,-263,-329,-329,-943,-936,-914,-908,-1549,-926,-898,-891]} 1. c4 e5 2. Nc3 Nc6 3. Nf3 g6 4. d4 exd4 5. Nxd4 Bg7 6. e3 Nge7 7. Be2 {A27: English Opening: Three Knights Variation} (7. Nde2 O-O 8. Qd2 b6 9. Nf4 Bb7 10. Be2 Ne5 11. O-O Nf5 12. f3 Re8 13. Nfd5 c6 14. Nb4 a5 {½-½ (28) Islam,K (2222)-Abdulla,A (2455) Dhaka 2017}) 7... O-O 8. O-O {LiveBook: 5 Games} Nxd4 9. exd4 {The position is equal.} d5 10. cxd5 Nxd5 11. Bf3 Be6 12. Ne4 c6 $146 ({Predecessor:} 12... b6 13. Ng5 Bf5 14. Qa4 Qd6 {½-½ (33) Aleksic,N (2268)-Lekic,L (2037) Bar 2015}) 13. Nc5 Bc8 14. Qd2 b6 $36 {[%mdl 2048] Black has strong initiative.} 15. Na4 Be6 16. b3 Qd7 17. Bb2 Rfd8 18. h3 Ne7 19. Rfd1 Rac8 20. g4 (20. Rac1 $15) 20... c5 {[%cal Rc5d4]} 21. Nc3 (21. d5 $142 Bxb2 22. Qxb2 Bxd5 23. Nc3) 21... cxd4 22. Ne4 (22. Ne2 $17) 22... f5 $19 23. Ng5 Bd5 {aiming for ...Bxf3.} 24. Bxd4 {[#]} Be4 $2 ({Black should try} 24... Bf7 $1 $19 {[%cal Rd7d4]} 25. Bxg7 Qxd2 26. Rxd2 Rxd2) 25. Bxe4 $11 Bxd4 ({Of course not} 25... Qxd4 $6 26. Qe2 $16) 26. Bf3 $2 {[%mdl 8192]} (26. Bg2 $11) 26... h6 $19 {[%cal Bh7h6,Bh6g5][%mdl 32]} 27. gxf5 {next Ne6 is good for White.} hxg5 28. fxg6 $2 (28. f6 Nf5 29. Qxg5) 28... Qxh3 {Black is clearly winning.} 29. Qe2 Nxg6 30. Qe4 Qg3+ 31. Kh1 {[#]} Qh4+ $1 {Precision: White = 24%, Black = 77%.} 0-1

[Event "25th Abu Dhabi Master 2018"]
[Site "Abu Dhabi"]
[Date "2018.08.07"]
[Round "1"]
[White "Michelle Catherina, P."]
[Black "Raja, Rithvik R"]
[Result "0-1"]
[WhiteElo "2153"]
[BlackElo "2436"]
[Annotator "NA"]
[PlyCount "108"]
[EventDate "2018.08.05"]
[EventType "swiss"]
[EventCountry "UAE"]
[SourceTitle "playchess.com"]
[Source "ChessBase"]
[SourceQuality "1"]
[TimeControl "5400+30"]

1. e4 {[%emt 0:01:47]} c5 {[%emt 0:00:00]} 2. Nf3 {[%emt 0:00:07]} d6 {[%emt 0:00:00]} 3. d4 {[%emt 0:00:09]} cxd4 {[%emt 0:00:00]} 4. Nxd4 {[%emt 0:00:06]} Nf6 {[%emt 0:00:00]} 5. Nc3 {[%emt 0:00:06]} a6 {[%emt 0:00:00]} 6. g3 {[%emt 0:00:10]} e5 {[%emt 0:00:25]} 7. Nf3 {[%emt 0:00:07]} b5 {[%emt 0:02:45]} 8. Bg2 {[%emt 0:07:23]} Nbd7 {[%emt 0:03:24]} 9. Nh4 {[%emt 0:03:50]} Nb6 {[%emt 0:04:18]} 10. a3 {[%emt 0:03:10]} Bg4 {[%emt 0:21:49]} 11. Qd3 {[%emt 0:04:17]} Be7 {[%emt 0:01:00]} 12. O-O {[%emt 0:02:37]} Rc8 {[%emt 0:02:46]} 13. b3 {[%emt 0:11:27]} O-O {[%emt 0:03:49]} 14. Re1 {[%emt 0:07:29]} Qc7 {[%emt 0:01:36]} 15. Bb2 {[%emt 0:01:27]} Rfd8 {[%emt 0:00:33]} 16. h3 {[%emt 0:16:56]} Be6 {[%emt 0:01:34]} 17. Re2 {[%emt 0:02:01]} g6 {[%emt 0:20:29]} 18. Qe3 {[%emt 0:04:56]} Qc5 {[%emt 0:06:27]} 19. Rd1 {[%emt 0:05:13]} Qxe3 {[%emt 0:01:54]} 20. Rxe3 {[%emt 0:00:06]} Rc5 {[%emt 0:00:09]} 21. Nf3 {[%emt 0:12:59]} Rdc8 {[%emt 0:01:23]} 22. Bf1 {[%emt 0:03:42]} h5 {[%emt 0:08:00]} 23. Ng5 {[%emt 0:04:51]} Ng4 {[%emt 0:03:46]} 24. hxg4 {[%emt 0:01:43]} Bxg5 {[%emt 0:00:02]} 25. Red3 {[%emt 0:00:50]} Bxg4 {[%emt 0:00:06]} 26. f3 {[%emt 0:02:14]} Be6 {[%emt 0:00:03]} 27. Rxd6 {[%emt 0:02:55]} Rxc3 {[%emt 0:00:36]} 28. Bxc3 {[%emt 0:00:28]} Rxc3 {[%emt 0:00:02]} 29. Kh1 {[%emt 0:00:48]} Be3 {[%emt 0:03:02]} 30. R6d3 {[%emt 0:00:32]} Rxd3 {[%emt 0:00:14]} 31. Rxd3 {[%emt 0:00:14]} Bc5 {[%emt 0:01:16]} 32. Rc3 {[%emt 0:00:42]} Bd4 {[%emt 0:07:25]} 33. Rc6 {[%emt 0:00:17]} Kf8 {[%emt 0:00:46]} 34. c4 {[%emt 0:00:48]} bxc4 {[%emt 0:00:50]} 35. bxc4 {[%emt 0:00:09]} a5 {[%emt 0:01:15]} 36. c5 {[%emt 0:00:47]} Na4 {[%emt 0:00:53]} 37. Ra6 {[%emt 0:00:14]} Nxc5 {[%emt 0:01:04]} 38. Rxa5 {[%emt 0:00:06]} Ke7 {[%emt 0:01:53]} 39. a4 {[%emt 0:01:09]} f5 {[%emt 0:02:51]} 40. exf5 {[%emt 0:00:31]} gxf5 {[%emt 0:00:01]} 41. Ra7+ {[%emt 0:00:33]} Kd6 {[%emt 0:00:09]} 42. a5 {[%emt 0:00:31]} Bd5 {[%emt 0:01:04]} 43. Be2 {[%emt 0:00:27]} e4 {[%emt 0:00:41]} 44. Kg2 {[%emt 0:00:29]} e3 {[%emt 0:01:06]} 45. Rh7 {[%emt 0:00:31]} Nb3 {[%emt 0:00:16]} 46. Rh6+ {[%emt 0:00:33]} Ke5 {[%emt 0:00:42]} 47. Kf1 {[%emt 0:00:31]} Nd2+ {[%emt 0:00:07]} 48. Kg2 {[%emt 0:00:29]} Nxf3 {[%emt 0:00:22]} 49. Rxh5 {[%emt 0:00:28]} Nd2+ {[%emt 0:00:21]} 50. Kh3 {[%emt 0:00:31]} Bf3 {[%emt 0:00:41]} 51. g4 {[%emt 0:00:30]} Bxe2 {[%emt 0:00:10]} 52. Rxf5+ {[%emt 0:00:06]} Ke4 {[%emt 0:00:07]} 53. Rf8 {[%emt 0:00:33]} Bf1+ {[%emt 0:00:43]} 54. Kg3 {[%emt 0:00:05]} Be5+ {[%emt 0:00:11]} 0-1